000
00291nam a22001217a 4500
999
_c
14040
_d
14040
020
_a
9781292120836
082
_a
808.06657
100
_a
Jan A. Pechenik
245
_a
A Short Guide to Writing about Biology
250
_a
9th, Global Edition
260
_a
Boston
_b
Pearson
_c
2016
942
_c
BK